Handbook of the normal distribution (Record no. 12864)

MARC details
000 -LEADER
fixed length control field 00756nam a2200253 a 4500
005 - DATE AND TIME OF LATEST TRANSACTION
control field 20180403152631.0
008 - FIXED-LENGTH DATA ELEMENTS--GENERAL INFORMATION
fixed length control field 960221s1955 dcuabcdjdbkoqu001 0deng d
100 ## - MAIN ENTRY--PERSONAL NAME
Personal name Patel, Jagadish K
245 ## - TITLE STATEMENT
Title Handbook of the normal distribution
260 ## - PUBLICATION, DISTRIBUTION, ETC. (IMPRINT)
Place of publication, distribution, etc New York
Name of publisher, distributor, etc Marcel Dekker
Date of publication, distribution, etc 1982
300 ## - PHYSICAL DESCRIPTION
Extent .
653 ## - INDEX TERM--UNCONTROLLED
Uncontrolled term Statistical mathematics
700 ## - ADDED ENTRY--PERSONAL NAME
Personal name Read, Campbell.
942 ## - ADDED ENTRY ELEMENTS (KOHA)
item type Books
003 - CONTROL NUMBER IDENTIFIER
control field ViArRB
Holdings
Lost status Source of classification or shelving scheme Not for loan Home library Current library Shelving location Date acquired Total Checkouts Full call number Barcode Date last seen Price effective from Koha item type
  Universal Decimal Classification   University Library University Library Secondary Collection 16/06/2010   519.213(035) PAT 00025398 16/06/2010 16/06/2010 Books
University Library, CUSAT